000
00399nam a2200145Ia 4500
008
100122s9999 xx 000 0 und d
082
_b
16359
_a
823
100
_a
गोगटे शकुंतला
245
_a
अभिमान
260
_b
प्रपंच प्रकाशन
_c
1970
300
_a
85
630
_a
अभिमान
730
_a
अभिमान
942
_c
BOOK
999
_c
406313
_d
406310